Behind the lines in France : reminiscences of World War I : memories which are familiar to hundreds of thousands of former service men /

Bibliographic Details
Main Author: McLaughlin, Joseph M.
Format: Book
Language:English
Published: St. Cloud, Fla. : Double-D, 1970.
Subjects:

MARC

Tag First Indicator Second Indicator Subfields
LEADER 00000cam a2200000 a 4500
001 in00001402913
005 20151020053058.0
008 801128s1970 flu 000 0 eng d
035 |a (OCoLC)06984174 
035 |9 AHM6956AM 
040 |a MHR  |c MHR  |d OCL  |d TXA  |d UtOrBLW 
049 |a TXAS [mil] 
090 |a D570.9  |b .M34 1970 
100 1 |a McLaughlin, Joseph M. 
245 1 0 |a Behind the lines in France :  |b reminiscences of World War I : memories which are familiar to hundreds of thousands of former service men /  |c by Joseph M. McLaughlin. 
264 1 |a St. Cloud, Fla. :  |b Double-D,  |c 1970. 
300 |a 25 pages ;  |c 22 cm. 
336 |a text  |b txt  |2 rdacontent 
337 |a unmediated  |b n  |2 rdamedia 
338 |a volume  |b nc  |2 rdacarrier 
500 |a Inscribed by the author. 
650 0 |a World War, 1914-1918  |v Personal narratives, American. 
999 |a MARS 
999 f f |s 8d27bdfc-fd94-3fc0-a122-79ded6692283  |i 8f2db6c5-ddd3-358f-a5c7-3d62cc5658f5  |t 0 
952 f f |p noncirc  |a Texas A&M University  |b College Station  |c Cushing Memorial Library & Archives  |d Cushing: Ragan Military (Does not check out)  |t 0  |e D570.9 .M34 1970  |f Vertical File  |h Library of Congress classification  |i unmediated -- volume  |m A14852138016 
998 f f |a D570.9 .M34 1970  |t 0  |l Cushing: Ragan Military (Does not check out)